Mô hình quản lý đất đai hiện đại ở một số nước và kinh nghiệm cho Việt Nam

Phân tích về hệ thống pháp luật đất đai trên thế giới, quy hoạch sử dụng đất ở, hệ thống đăng ký quyền, hệ thống đăng ký văn tự giao dịch; hệ thống thông tin đất đai, định giá đất, thu hồi đất, trưng thu đất, trưng mua đất, phát triê...

ver descrição completa

Na minha lista:
Detalhes bibliográficos
Autor principal: Nguyễn, Đình Bồng
Formato: Livro
Idioma:Undetermined
Publicado em: Hà Nội Chính trị Quốc gia 2014
Assuntos:
Tags: Adicionar Tag
Sem tags, seja o primeiro a adicionar uma tag!
Thư viện lưu trữ: Trung tâm Học liệu Trường Đại học Cần Thơ
LEADER 01458nam a2200229Ia 4500
001 CTU_199779
008 210402s9999 xx 000 0 und d
020 |c 46000 
082 |a 354.34 
082 |b B455 
100 |a Nguyễn, Đình Bồng 
245 0 |a Mô hình quản lý đất đai hiện đại ở một số nước và kinh nghiệm cho Việt Nam 
245 0 |c Nguyễn Đình Bồng (Chủ biên), Trần Thị Minh Hà, Nguyễn Thị Thu Hồng 
260 |a Hà Nội 
260 |b Chính trị Quốc gia 
260 |c 2014 
520 |a Phân tích về hệ thống pháp luật đất đai trên thế giới, quy hoạch sử dụng đất ở, hệ thống đăng ký quyền, hệ thống đăng ký văn tự giao dịch; hệ thống thông tin đất đai, định giá đất, thu hồi đất, trưng thu đất, trưng mua đất, phát triển quỹ đất, giao đất, cho thuê đất ở Mỹ, Anh, Pháp, Đức, Thuỵ Điển, Australia, Nga... Trên cơ sở đó để xây dựng hệ thống quản lý đất đai hiện đại ở Việt Nam giai đoạn 1991 - 2020 
526 |a Luật đất đai 
526 |b KL327 
650 |a Soil management,Quản lý đất đai 
904 |i Hải 
980 |a Trung tâm Học liệu Trường Đại học Cần Thơ